LEADER 01309nam a2200289 i 4500 001 000000177590 003 CaOOAMICUS 005 20090211000000.0 008 090211s1968 it u000 u ita u 013 $a155147 040 $aSeMil$bita 100 1 $aMarcuse, Herbert,$d<1898-1979>.$0(OLS)http://semarc/name/31710 245 12$aL'uomo a una dimensione :$bl'ideologia della societā industriale avanzata /$cHerbert Marcuse ; traduzione di Luciano Gallino e Tilde Giani Gallino. 260 $aTorino :$bEinaudi,$cstampa 1968. 300 $a266 p. ;$c19 cm. 490 0 $aNuovo politecnico ;$v11 500 $aFondo Card. Giovanni Colombo. 650 4$aSocietā - Sec. 20.$0(OLS)http://semarc/subject/6215 700 1 $aGiani Gallino, Tilde,$d<1934- >.$0(OLS)http://semarc/name/34115 700 1 $aGallino, Luciano,$d<1927-2015>.$0(OLS)http://semarc/name/3492 830 0$aNuovo politecnico ;$v11.$0(OLS)http://semarc/title/6899 850 $aSeMil 852 $aSeMil$W1$xVenegono$y1$m3GC III 435$j128395$B128395$CSeMilBibl$Z2$F139332 $8B 941 1 $a3 961 $aLascito: Colombo Card. Giovanni 996 $6245$aL'uomo a una dimensione :$bl'ideologia della societā industriale avanzata$9(OLS)http://semarc/title/130669 996 $6260$aTorino :$bEinaudi$9(OLS)http://semarc/publisher/29884 LEADER 01174nam a2200265 i 4500 001 000000239417 003 CaOOAMICUS 005 20150303000000.0 008 150303s1958 it u000 u ita u 013 $a218322 040 $aSeMil$bita 100 1 $aScoccimarro, Mauro <1895-1972>.$0(OLS)http://semarc/name/81391 245 10$aNuova Democrazia /$cdi Mauro Scoccimarro ; a cura di Bruzio Manzocchi ; prefazione di Enrico Molč. 260 $aRoma :$bEditori Riuniti,$ccopyr. 1958. 300 $a263 p. ;$c22 cm. 490 0 $aBiblioteca politica ;$v18 650 4$aDemocrazia Cristiana <1943-1994>.$0(OLS)http://semarc/subject/1963 650 4$aCattolicesimo e politica - Italia.$0(OLS)http://semarc/subject/14957 700 1 $aMolč, Enrico.$0(OLS)http://semarc/name/81393 700 1 $aManzocchi, Bruzio.$0(OLS)http://semarc/name/81392 830 0$aBiblioteca politica ;$v18.$0(OLS)http://semarc/title/42805 850 $aSeMil 852 $aSeMil$W1$xVenegono$y1$m3N II 243$j189763$B189763$CSeMilBibl$Z2$F200586 $81 996 $6245$aNuova Democrazia$9(OLS)http://semarc/title/340917 996 $6260$aRoma :$bEditori Riuniti$9(OLS)http://semarc/publisher/30240